Arsenal General Knowledge #1 - Statistics

General Stats
  • This quiz has been taken 84 times
    36 since last reset
  • The average score is 8 of 15
Answer Stats
Hint Answer % Correct
Who is Arsenal's All Time Top Scorer? Thierry Henry
100%
Who do Arsenal compete the North London Derby With? Tottenham Hotspurs
100%
Who is Arsenal's longest serving Manager? Arsene Wenger
97%
What is the current stadium called? Emirates Stadium
94%
Which year did Arsenal reach the UCL Final? 2006
85%
Which current Arsenal Player is the top earner? Bukayo Saka
68%
In Which season did Arshavin famously score 4 goals against Liverpool? 2008/09
53%
Who scored Arsenal's only goal? Sol Campbell
47%
Who is Arsenal's record sale? Alex Oxlade-Chamberlain
29%
Which Arsenal Player scored the opening goal in the 2017 AFCON Final? Mohamed Elneny
29%
How many consecutive seasons have Arsenal played in England's First Division/Premier League? 100
24%
Which Arsenal Player holds the record for most days out injured of all time? Abou Diaby
21%
Who is Arsenal's top appearance maker? David O'Leary
18%
How many days did Arsenal lead the premier league in the 2022/23 Season? 248
12%
Who is Arsenal's current sleeve sponsor? Deel
3%
No matching quizzes found
Score Distribution
Percent of People with Each Score
Percentile by Number Answered
Your Score History
You have not taken this quiz since the last reset